000 00427nam a2200145Ia 4500
008 231129s2013||||xx |||||||||||||| ||spa||
020 _a978-958-710-921-4
040 _bspa
082 _aCo861 S211v
100 _aSánchez Nieto Eugenia
245 0 _aVisibles ademanes: antologí­a
260 _c2013
264 _aBogotá Colombia : Universidad Externado de Colombia
942 _2ddc
_cBKS
999 _c26347
_d26347